000 01057nam a2200277Ia 4500
001 ebr10015089
003 CaPaEBR
006 m u
007 cr cn|||||||||
008 030208s2001 enk s 000 0 eng d
020 _z1843271028
040 _aCaPaEBR
_cCaPaEBR
035 _a(OCoLC)70723528
050 1 4 _aDC272.5
_b.M3 2001eb
100 1 _aMarx, Karl,
_d1818-1883.
245 1 4 _aThe Class struggles in France
_h[electronic resource] /
_cKarl Marx.
260 _aLondon :
_bElectric Book Co.,
_cc2001.
300 _a164 p.
533 _aElectronic reproduction.
_bPalo Alto, Calif. :
_cebrary,
_d2005.
_nAvailable via World Wide Web.
_nAccess may be limited to ebrary affiliated libraries.
650 0 _aSocialism.
651 0 _aFrance
_xHistory
_ySecond Republic, 1848-1852.
651 0 _aFrance
_xPolitics and government
_y1848-1852.
655 7 _aElectronic books.
_2local
710 2 _aebrary, Inc.
856 4 0 _uhttp://site.ebrary.com/lib/rucke/Doc?id=10015089
_zAn electronic book accessible through the World Wide Web; click to view
999 _c11355
_d11355